Registered social landlords and changes in rent (Record no. 65253)
[ view plain ]
| 000 -LEADER | |
|---|---|
| fixed length control field | 01522cam a2200289 4500 |
| 001 - CONTROL NUMBER | |
| control field | ABS63165 |
| 008 - FIXED-LENGTH DATA ELEMENTS--GENERAL INFORMATION | |
| fixed length control field | 000000n2000 000 0 eng u |
| 035 ## - SYSTEM CONTROL NUMBER | |
| System control number | (Sirsi) u109325 |
| 100 ## - MAIN ENTRY--PERSONAL NAME | |
| Personal name | Miller, C |
| 245 ## - TITLE STATEMENT | |
| Title | Registered social landlords and changes in rent |
| 260 ## - PUBLICATION, DISTRIBUTION, ETC. | |
| Date of publication, distribution, etc. | 2000 |
| 490 ## - SERIES STATEMENT | |
| Series statement | Roof |
| Volume/sequential designation | 25(6) November/December 2000, 24(6) |
| 520 ## - SUMMARY, ETC. | |
| Summary, etc. | Looks at the Housing Corporation's third annual analysis of registered social landlords' performance in reducing rent increases. The research revealed: the average rent increase was down from 1999; the average change in rent for all large RSLs was 3.2%; RSLs with the highest rent levels obtained the lowest increases in rent; geographical diversity has little impact on whether rent increases are high or low; LSVT authorities had significantly higher rent increases while Black and Minority Ethnic RSLs had much lower rent increases than average; and RSLs with the lowest rent changes tend to have high proportions of assured stock. Concludes that generally RSLs are committed to reducing overall rates of increase. Tables. |
| 590 ## - LOCAL NOTE (RLIN) | |
| Local note | ABS |
| 650 ## - SUBJECT ADDED ENTRY--TOPICAL TERM | |
| Topical term or geographic name entry element | REGISTERED SOCIAL LANDLORDS |
| 650 ## - SUBJECT ADDED ENTRY--TOPICAL TERM | |
| Topical term or geographic name entry element | RSLS |
| 650 ## - SUBJECT ADDED ENTRY--TOPICAL TERM | |
| Topical term or geographic name entry element | ASSURED TENANCIES |
| 650 ## - SUBJECT ADDED ENTRY--TOPICAL TERM | |
| Topical term or geographic name entry element | ETHNIC MINORITIES |
| 650 ## - SUBJECT ADDED ENTRY--TOPICAL TERM | |
| Topical term or geographic name entry element | RENT RISES |
| 650 ## - SUBJECT ADDED ENTRY--TOPICAL TERM | |
| Topical term or geographic name entry element | LARGE SCALE VOLUNTARY TRANSFERS |
| 650 ## - SUBJECT ADDED ENTRY--TOPICAL TERM | |
| Topical term or geographic name entry element | THE HOUSING CORPORATION |
| 650 ## - SUBJECT ADDED ENTRY--TOPICAL TERM | |
| Topical term or geographic name entry element | PERFORMANCE STANDARDS |
| 650 ## - SUBJECT ADDED ENTRY--TOPICAL TERM | |
| Topical term or geographic name entry element | ALL ITEMS RETAIL PRICES INDEX |
| 690 ## - LOCAL SUBJECT ADDED ENTRY--TOPICAL TERM (OCLC, RLIN) | |
| Topical term or geographic name as entry element | Affordable housing |
| 9 (RLIN) | 6215 |
| 710 ## - ADDED ENTRY--CORPORATE NAME | |
| Corporate name or jurisdiction name as entry element | Housing Corporation |
| 942 ## - ADDED ENTRY ELEMENTS (KOHA) | |
| Suppress in OPAC | 0 |
| Withdrawn status | Lost status | Source of classification or shelving scheme | Damaged status | Not for loan | Home library | Current library | Shelving location | Date acquired | Total Checkouts | Full call number | Barcode | Date last seen | Copy number | Price effective from | Koha item type |
|---|---|---|---|---|---|---|---|---|---|---|---|---|---|---|---|
| Dewey Decimal Classification | London | London | Journal article | 14/11/2000 | ABS63165 | 109325-1001 | 06/08/2019 | 1 | 06/08/2019 | Journal article |